| 000 | 00502nam a2200157 a 4500 | ||
|---|---|---|---|
| 001 | 4331 | ||
| 003 | CDMR | ||
| 005 | 20131024174349.0 | ||
| 008 | 130130s2002||||||||||||||||||||||||||||d | ||
| 040 |
_aCDMR _bcat _cCPC GIRONA |
||
| 245 | 0 | _aDrets de les persones usuàries dels mitjans audiovisuals | |
| 260 | _bFòrum d'entitats de persones usuaries de l'Audiovisual | ||
| 260 |
_bConsell de l'Audiovisual de Catalunya _a2002 |
||
| 650 | 0 | 4 |
_93360 _aMitjans de comunicació de massa _xPúblic |
| 942 |
_cMON _2udc |
||
| 999 |
_c4331 _d4331 |
||